| 000 | 00441nam a2200121Ia 4500 | ||
|---|---|---|---|
| 008 | 151021s9999 xx 000 0 und d | ||
| 050 | _aLC 3988 k4k57 2002 | ||
| 245 | _a_Special needs Education module 6 Education of children with specific learning difficulties Grace osodo ogonda | ||
| 260 | _aNairobi KISE 2002 | ||
| 300 | _aix,179p. | ||
| 650 | _a_Education of children with learning difficulties | ||
| 980 | _a^d20110615 05:12:38^okorir | ||
| 999 |
_c7340 _d7340 |
||